Orfebrería (Registro nro. 30874)

Detalles MARC
000 -CABECERA
Longitud fija campo de control 01357nam a2200265 a 4500
003 - • IDENTIFICADOR DELl NÚMERO DE CONTROL
Identificador del número de control CO-ViMGA
008 - • CÓDIGOS DE INFORMACIÓN DE LONGITUD FIJA
Códigos de información de longitud fija 141112s2004 ck r 000 u spa d
020 ## - • NÚMERO INTERNACIONAL NORMALIZADO PARA LIBROS
Número Internacional Normalizado para Libros (ISBN) 8434224097
040 ## - FUENTE DE LA CATALOGACIÓN
Centro catalogador de origen CO-ViMGA
Lengua de catalogación spa
Centro transcriptor CO-ViMGA
082 04 - • NÚMERO DE LA CLASIFICACIÓN DECIMAL DEWEY
Número de clasificación (R) 739.22 C634o
100 1# - • PUNTO DE ACCESO PRINCIPAL-NOMBRE DE PERSONA
Nombre de persona Codina, Carles
245 10 - • TITULO PROPIAMENTE DICHO
Título Orfebrería
300 ## - • DESCRIPCIÓN FÍSICA
Extensión 160
490 ## - • MENCIÓN DE SERIE
Mención de serie Colección artes y oficios
505 ## - • NOTA DE CONTENIDO CON FORMATO
Nota de contenido con formato Tecnicas de platería : La plateria, recursos y procedimientos, trabajos con hilo, pasar un collar, platino 6 - 30 - - Fundición y estampación artesanales : Tecnicas de fundicion alternativas, preparacion de modelos para fundir, estampación en el metal 48 - 65 - - Gemas : Piedras preciosas, la talla de piedras preciosas, un tallador 72 - 88 - - Concepto de imagen : Cuatro conceptos de creacion, imagen y empresa, la fotografia en joyeria 94 - 104 - - Galeria, Juego de cafe, anilllos cuadrados, prisma, pendientes, esclavas, broches 114 - 152
590 ## - NOTAS LOCALES
Nota local Forma de adquisición : Compra - - Precio : 90.000 - - Proveedor : Compra - - Fecha de adquisición : 2008
650 14 - • PUNTO DE ACCESO ADICIONAL DE MATERIA - TÉRMINO DE MATERIA
Término de materia o nombre geográfico como elemento inicial 2 : ORFEBRERIA - EQUIPO Y ACCESORIOS
650 14 - • PUNTO DE ACCESO ADICIONAL DE MATERIA - TÉRMINO DE MATERIA
Término de materia o nombre geográfico como elemento inicial 3 : ORFEBRERIA - TECNICAS
650 14 - • PUNTO DE ACCESO ADICIONAL DE MATERIA - TÉRMINO DE MATERIA
Término de materia o nombre geográfico como elemento inicial 4 : DISEÑO DE JOYAS
650 14 - • PUNTO DE ACCESO ADICIONAL DE MATERIA - TÉRMINO DE MATERIA
Término de materia o nombre geográfico como elemento inicial 5 : JOYERIA
650 14 - • PUNTO DE ACCESO ADICIONAL DE MATERIA - TÉRMINO DE MATERIA
Término de materia o nombre geográfico como elemento inicial ORFEBRERIA
942 ## - ENTRADA DE ELEMENTOS AGREGADOS (KOHA)
Fuente de clasificaión o esquema Dewey Decimal Classification
Koha [por defecto] tipo de item LIbro
Existencias
Perdido Fuente de clasificación o esquema Estado Físico No para préstamo Forma de adquisición Localización permanente Localización actual Fecha adquisición Serie de enumeración / cronolog&íacute;a Préstamos totales Renovaciones totales Signatura completa Código de barras Fecha última consulta Fecha último préstamo Número de copia Fecha del precio de reemplazo Tipo de item de Koha
  Dewey Decimal Classification     Sala Especializada Tercer Piso Biblioteca Pública Germán Arciniegas - Villavicencio Biblioteca Pública Germán Arciniegas - Villavicencio 12/04/2015 Volumen. 1 | 11/jun/2009 2 2 739.22 C634o 22573 03/13/2018 03/05/2018 Ej. 1 12/04/2015 LIbro









Instituto Departamental de Cultura del Meta - Red Departamental de Bibliotecas Públicas del Meta.